Guess the 1970s song #231 - Statistics

General Stats
  • This quiz has been taken 20 times
  • The average score is 201 of 317
Answer Stats
Answer % Correct
me
95%
to
95%
a
89%
A
89%
I
89%
the
89%
The
89%
in
84%
you
84%
and
79%
see
79%
What
79%
can
74%
Can't
74%
can't
74%
she
74%
that
74%
All
68%
it
68%
been
63%
doin
63%
Down
63%
woman
63%
goes
58%
I'm
58%
my
58%
Oh
58%
where
58%
at
53%
don't
53%
Gonna
53%
gonna
53%
I'll
53%
know
53%
of
53%
Lord
47%
take
47%
train
47%
way
47%
As
42%
as
42%
freight
42%
off
42%
station
42%
doing
37%
now
37%
out
37%
back
32%
care
32%
comin
32%
Ride
32%
ride
32%
she's
32%
coming
26%
far
26%
Georgia
26%
mean
26%
Never
26%
never
26%
run
26%
south
26%
Til
26%
told
26%
track
26%
Ain't
21%
bound
21%
buy
21%
Cause
21%
climb
21%
crawl
21%
die
21%
highest
21%
hole
21%
inside
21%
jump
21%
mountain
21%
ticket
21%
wall
21%
whoa
21%
goodbye
16%
lady
16%
ol
16%
crazy
11%
stand
11%
such
11%
fine
5%
noboby
0%
No matching quizzes found
Score Distribution
Percent of People with Each Score
Percentile by Number Answered
Your Score History
You have not taken this quiz